| 000 | 02175nam a2200409 i 4500 | ||
|---|---|---|---|
| 001 | 000027934 | ||
| 003 | DO-SdBNP | ||
| 005 | 20260116105540.0 | ||
| 007 | ta | ||
| 008 | 101006s2002 dr r 001 0 spa d | ||
| 020 | _a9993462020 | ||
| 040 |
_aDO-SdBNP _bspa _cBNPHU _erda |
||
| 041 | _aspa | ||
| 082 | 4 |
_a302 _bM516p 2002 _222 |
|
| 100 | 1 |
_a Mejía-Ricart G., Tirso, _d1936-2021 _q(Mejía-Ricart Guzmán) _eautor _4aut. _91569 |
|
| 245 | 1 | 0 |
_aPsicología social y sus aplicaciones : _bpsicología social básica / _cTirso Mejía Ricart. |
| 250 | _aTercera edición | ||
| 264 | 4 |
_aSanto Domingo, República Dominicana : _bEditora Universitaria-UASD: _bFundación Mejía Ricart-Guzmán Boom, _c©2002. |
|
| 300 |
_avolumen ; _c23 cm. |
||
| 336 |
_atexto _btxt _2rdacontent |
||
| 337 |
_asin mediación _bn _2rdamedia |
||
| 338 |
_avolumen _bnc _2rdacarrier |
||
| 490 | 1 |
_aPublicaciones de la Universidad Autónoma de Santo Domingo ; _v1055 ; |
|
| 490 | 1 |
_aColección textos básicos ; _v5 |
|
| 490 | 1 |
_aColección estudios sociales ; _v06 |
|
| 500 | _aIncluye índice | ||
| 505 | 0 |
_av.1-- _tPsicología social básica -- _tLas bases de la psicología básica -- _tLas actitudes y los procesos psicosociales -- _tLa conducta colectiva _gv.2 _tConducta desviada y problemas sociales -- _tEl comportamiento desviado-- _tDesviaciones que afectan primariamente a los individuos-- _tDesviaciones que afectan fundamentalmente el orden familiar -- _tDesviaciones que afectan directamente a la comunidad-- _gv.3-- _tPerspectivas y recursos de la psicologia social aplicada -- _tLa psicología social aplicada a los servicios sociales y a las artes -- _tPsicologia aplicada a la vida economica -- _tLa psicologia politica y juridica. |
|
| 590 | _aInventariado, 2018/VM | ||
| 650 | 4 |
_aPsicología social _91574 |
|
| 650 | 0 |
_aPsicología aplicada _91579 |
|
| 650 | 4 |
_aActitud (Psicología) _9852 |
|
| 650 | 4 |
_aConducta colectiva _912036 |
|
| 830 | 0 |
_aPubliacaciones de la Universidad Autónoma de Santo Domingo _n1055 _pColección textos básicos ; 5 _988783 |
|
| 830 | 0 |
_aColección estudios sociales _n06 _954999 |
|
| 910 | _aValidado. Control de calidad. MMOLINA | ||
| 942 |
_2ddc _cLBS1 |
||
| 999 |
_c27426 _d27426 |
||